CHESTNUTS OBSTETRICS ANESTHESIA (Record no. 8655)

MARC details
000 -LEADER
fixed length control field 00327nam a22001457a 4500
003 - CONTROL NUMBER IDENTIFIER
control field SGT
020 ## - INTERNATIONAL STANDARD BOOK NUMBER
International Standard Book Number 978-1-4-557-4866-2
082 ## - DEWEY DECIMAL CLASSIFICATION NUMBER
Classification number 617.97, O14C
100 ## - MAIN ENTRY--PERSONAL NAME
Personal name CHESTNUL, D. H.
245 ## - TITLE STATEMENT
Title CHESTNUTS OBSTETRICS ANESTHESIA
260 ## - PUBLICATION, DISTRIBUTION, ETC. (IMPRINT)
Place of publication, distribution, etc ELSEVIER
Name of publisher, distributor, etc DELHI
Year of Publication 2014
300 ## - PAGE DESCRIPTION
No. of Pages 1304
650 ## - SUBJECT ADDED ENTRY--TOPICAL TERM
Topical term or geographic name as entry element ANESTHESIA
942 ## - ADDED ENTRY ELEMENTS (KOHA)
Source of classification or shelving scheme Dewey Decimal Classification
Koha item type Books
Holdings
Withdrawn status Lost status Source of classification or shelving scheme Damaged status Not for loan Collection code Home library Current library Shelving location Date acquired Vendor Name SGTU Bill Number Total Checkouts Full call number Accession No. (Barcode) Date last seen Bill Date Koha item type
    Dewey Decimal Classification     MEDICAL SGT Medical Library SGT Medical Library Reference Book 29/03/2016 AHUJA BOOK COMPANY SGTU 5978   617.97, O14C FM7528 29/03/2016 14/08/2015 Books